000
00264nam a22001217a 4500
008
170920b xxu||||| |||| 00| 0 eng d
041
_a
eng
080
_a
7
100
_a
45
101
_a
ART
245
_a
METROPOLITAN SEMINARS IN ART
_c
CANADY,J
942
_2
udc
_c
BK
999
_c
28553
_d
28553